Suid-Afrikaanse Strafproses / (Record no. 569)

MARC details
000 -LEADER
fixed length control field 00547nam a22001817a 4500
005 - DATE AND TIME OF INPUT
control field 20231113124519.0
008 - DATA ELEMENTS--GENERAL INFORMATION
fixed length control field 231113b |||||||| |||| 00| 0 eng d
020 ## - INTERNATIONAL STANDARD BOOK NUMBER
International Standard Book Number 0409032611
041 ## - LANGUAGE CODE
Language code of text Afrikaans
082 ## - SHELF NUMBER
DDC number 345.5 HIE
100 ## - MAIN AUTHOR
Main author's name Hiemstra, VG
Language of a work Afrikaans
245 ## - TITLE STATEMENT
Title Suid-Afrikaanse Strafproses /
Statement of responsibility, etc. VG Hiemstra
250 ## - EDITION STATEMENT
Edition statement Derde Uitgawe
260 ## - PUBLICATION, DISTRIBUTION, ETC.
Place of publication, distribution, etc. Durban :
Name of publisher, distributor, etc. Butterworth en Kie (Edms) Bpk,
Date of publication, distribution, etc. 1981
300 ## - PHYSICAL DESCRIPTION
Other physical details lxviii, 883 pages ;
Dimensions 25,5 cm.
650 ## - SUBJECT`
Broad subject Legal practice
Own subject terms Law
942 ## - ADDED ENTRY ELEMENTS (KOHA)
Item type Books
942 ## - ADDED ENTRY ELEMENTS (KOHA)
-- ALISON_BN_VRIES
Holdings
Source of classification or shelving scheme Not for loan Collection code Home library Current library Shelving location Date acquired Full call number Barcode Price effective from Koha item type
Dewey Decimal Classification   TEXT BOOKS LAW SOCIETY OF NAMIBIA LIBRARY - WINDHOEK LAW SOCIETY OF NAMIBIA LIBRARY - WINDHOEK Criminal law and procedures 11/13/2023 345.5 HIE LSN/1986/118 11/13/2023 Books